000 00625nam a2200217 4500
003 OSt
005 20260530113848.0
008 260421b1968 enka|||| |||| 00| 0 eng d
040 _aICI
_bspa
_cICI
050 1 4 _aBF455
_bD41216
100 1 _aDe Bono, Edward,
_d1933-
_930922
245 1 0 _aThe five-day course in thinking.
_cEdward de Bono
264 1 _bPenguin Books
_c1968
_aGreat Britain :
300 _a160 páginas
_c19.9 cm
336 _atexto
_2rdacontent
337 _asin medio
_2rdamedia
338 _avolumen
_2rdacarrier
650 1 4 _aPensamiento
_924652
650 1 4 _aPensamiento creativo
_930923
942 _2lcc
_cBK
999 _c11356
_d11356